00964nam a2200253 a 4500001000800000005001700008008004100025041000800066044000700074050002400081100003800105245008400143260004400227300004200271440013100313500001000444500003100454650002600485651004400511902000800555942001100563999001500574952012100589BRL_49420190320210753.0210813s1960----gw-abo####---#000-0#ger-# ager agw 4aN5305b.K86 11 19601 aPhilippe Groslier, Bernard92409810aHinterindienbKunst im schmelztiegel der rassencvon Bernard Philippe Groslier. aGermanybHolle-Verlag Baden-Badenc1960 a286 p.bil. (algunas a color)c23 cm. 0aKunst der Welt; ihre geschichtlichen, soziologischen und religiösen GrundlagenpDie aussereuropäischen Kulturenv11924099 aAu521 aBibliografía: p. 269-27314aArte indochino924100 4aAsia SudorientalxAntigüedades924101 aGRL 2lcccB c9306d9306 00104070aBRLbBRLd2013-08-21iAu521l0oN5305 .K86 11 1960 (Au521)pGRL00543r2019-03-22 00:00:00w2019-03-22yB